000 00270nam a2200121 i 4500
001 bg
245 0 _aSzkolnictwo wyższe Wielkiej Brytanii.
260 _aWarszawa,
_c1965.
040 _cBPK
041 _apol
942 _cKS
008 s pl f |000 0 pol
999 _c20624
_d20624
856 _uhttp://koha.tu.koszalin.pl/cgi-bin/koha/opac-detail.pl?biblionumber=20624
_yKatalog online BPK